=LDR 00000nam 2200000 4500 =001 INLIS000000000014604 =005 20130612105900 =008 ***********************************Ind** =035 ##$$0010-061300000014604 =041 ##$$a Ind =082 ##$$a 631.3 =090 ##$$a 631.3, Wij m =100 ##$$a Wijanto M.S =245 ##$$a Memilih mengunakan dan traktor tangan =260 ##$$a 1995 $b Jakarta =300 ##$$a vi,97 Hlm, Ilus, 21 Cm =650 ##$$a Mekanisassi pertanian =850 ##$$a NBPNMAT